Statistics for Groups of Things - Religion

Click here to take the quiz!

General Stats

  • This quiz has been taken 282 times
  • The average score is 35 of 74

Answer Stats

CategoryAnswer% Correct
Most Mentioned Characters
in the Bible
Jesus
89%
The Four EvangelistsJohn
87%
Holiest Cities in IslamMecca
86%
Countries with the Most CatholicsUnited States
85%
Countries with the Most CatholicsBrazil
78%
Countries with the Most CatholicsItaly
76%
Countries with the Most MuslimsIndia
75%
Holiest Cities in IslamJerusalem
74%
Countries with the Most MuslimsIndonesia
71%
Countries with the Most CatholicsMexico
71%
Three Latest PopesFrancis
70%
The Four EvangelistsLuke
70%
The Four EvangelistsMatthew
70%
The Four EvangelistsMark
69%
Holiest Cities in IslamMedina
68%
Main Islamic DenominationsSunni
68%
Countries with the Most MuslimsPakistan
66%
Three Latest PopesJohn Paul II
65%
Seven Deadly SinsLust
65%
City and State of the MormonsUtah
65%
Main Islamic DenominationsShia
64%
City and State of the MormonsSalt Lake City
63%
Seven Deadly SinsSloth
63%
Most Buddhist CountriesThailand
63%
Chinese Philosophers Who
Founded Two Major Religions
Confucius
62%
Seven Deadly SinsGluttony
62%
Most Orthodox CountriesGreece
62%
Seven Deadly SinsGreed
62%
Most Mentioned Characters
in the Bible
Moses
62%
Countries with the Most CatholicsPhilippines
60%
Three Latest PopesBenedict XVI
58%
Seven Deadly SinsEnvy
57%
Most Buddhist CountriesCambodia
55%
Countries with the Most MuslimsBangladesh
52%
Most Mentioned Characters
in the Bible
David
52%
Seven Deadly SinsWrath
52%
Seven Deadly SinsPride
51%
Most Buddhist CountriesMyanmar
50%
Largest Religions In India After
Hinduism, Islam and Christianity
Buddhism
48%
Most Mentioned Characters
in the Bible
Jacob
48%
Largest Religions In India After
Hinduism, Islam and Christianity
Sikhism
47%
"Trimurti" Hindu GodsVishnu
46%
Most Buddhist CountriesBhutan
45%
"Trimurti" Hindu GodsShiva
45%
Chinese Philosophers Who
Founded Two Major Religions
Laozi
43%
The 12 Tribes of IsraelJoseph
42%
Countries with the Most MuslimsNigeria
39%
Most Buddhist CountriesSri Lanka
39%
Largest Religions In India After
Hinduism, Islam and Christianity
Jainism
37%
Main Ethnic Groups of JewsAshkenazi
36%
Most Orthodox CountriesRomania
35%
Most Orthodox CountriesArmenia
29%
The 12 Tribes of IsraelBenjamin
26%
"Trimurti" Hindu GodsBrahma
25%
Most Orthodox CountriesGeorgia
24%
The 12 Tribes of IsraelLevi
23%
The 12 Tribes of IsraelDan
22%
The 12 Tribes of IsraelJudah
22%
Four Major CaliphatesUmayyad
22%
Most Orthodox CountriesMoldova
20%
Main Ethnic Groups of JewsSephardi
20%
The 12 Tribes of IsraelReuben
18%
Four Major CaliphatesAbbasid
15%
The 12 Tribes of IsraelGad
14%
The 12 Tribes of IsraelAsher
13%
Four Major CaliphatesOttoman Empire
13%
The 12 Tribes of IsraelSimeon
13%
Largest Religions In India After
Hinduism, Islam and Christianity
Zoroastrianism
13%
The 12 Tribes of IsraelNaphtali
10%
The 12 Tribes of IsraelIssachar
9%
Two Main Buddhist SchoolsMahayana
9%
Two Main Buddhist SchoolsTheravada
9%
The 12 Tribes of IsraelZebulun
9%
Four Major CaliphatesRashidun
7%

Score Distribution

Percentile by Number Answered

Percent of People with Each Score

Your Score History

You have not taken this quiz